Top 10 Songs by Def Leppard - Statistics

General Stats
  • This quiz has been taken 8 times
  • The average score is 5 of 10
Answer Stats
Hint Answer % Correct
6 Hysteria
88%
1 Pour Some Sugar on Me
88%
5 Animal
75%
3 Love Bites
63%
2 Photograph
63%
4 Rock of Ages
63%
8 Armageddon It
38%
7 Foolin'
38%
9 Bringin' On the Heartbreak
13%
10 Rock! Rock! (Till You Drop)
13%
No matching quizzes found
Score Distribution
Percent of People with Each Score
Percentile by Number Answered
Your Score History
You have not taken this quiz